005050000a220009700045007730055000001000030000552450086000853000046001715200155002176500035003720 tPerfiles: revista de la comunidad académica UDES1 aSerrano Sarmiento, Rafael10aEspañoles en la historia del departamento de Santander, República de Colombia aVol.0, núm.2 ( , 2005), Páginas 86-92 aFray Joaquín de Finestrad, Fray Domingo de Petrés, Los Hermanos Penagos Villalaín, Don Julio Alvarez Ceron, Don Jósé María Ots Capdequí,14aHISTORIA-SANTANDER-ESPAÑOLES